| 000 | 00796nam a22002297a 4500 | ||
|---|---|---|---|
| 005 | 20120823102751.0 | ||
| 008 | 120823t xxu||||| |||| 00| 0 eng d | ||
| 010 | _aENG-105605 | ||
| 020 |
_a9788171429172 _c295.00 |
||
| 020 |
_a8171429173 _c295.00 |
||
| 035 | _aEN-89138 | ||
| 037 | _bDBAD/PUB | ||
| 040 |
_aDPL _bEng |
||
| 100 |
_951282 _aVellikkeel Raghavan |
||
| 245 |
_aAgitation propaganda theatre / _cby Vellikkeel Raghavan |
||
| 260 |
_aChandigarh _bUnistar Books _c2012 |
||
| 270 |
_aS.C.O.26-27, Sector 34A _bChandigarh _e160022 |
||
| 300 |
_a151p. _c24cm(Hb) |
||
| 500 | _aIncludes bibliographical references and index | ||
| 942 |
_2ddc _cEN _mVEL |
||
| 999 |
_c69223 _d69223 |
||